| 000 | 00826cam a2200265 a 4500 | ||
|---|---|---|---|
| 001 | 1165197 | ||
| 003 | SISC | ||
| 005 | 20160302131044.0 | ||
| 008 | 961122s1997 nyuab 000 1 eng | ||
| 010 | _a 96051665 | ||
| 020 | _a0002251760 | ||
| 040 |
_aDLC _cDLC _dDLC |
||
| 050 | 0 | 0 |
_aPR 6052.A54 _b.B219 1997 |
| 082 | 0 | 0 |
_aHS 823.914 _bB22 1997 |
| 100 | 1 |
_aBantock, Nick. _912805 |
|
| 245 | 1 | 4 |
_aThe forgetting room : _ba fiction / _cNick Bantock. |
| 250 | _a1st ed. | ||
| 260 |
_aNew York, NY : _bCollins Publishers, _cc1997. |
||
| 300 |
_a105 p. : _bill. (some col.) ; _c24 cm. |
||
| 440 | 2 |
_aA Byzantium book _912806 |
|
| 906 |
_a7 _bcbc _corignew _d1 _eocip _f19 _gy-gencatlg |
||
| 942 |
_2lcc _cBK |
||
| 999 |
_c9201 _d9201 |
||